Marketing and Its Impacts on the Activities of Selected Higher Education Institution in Slovakia

Ekonomická univerzita a prehľad aktivít vykonaných s prezentáciou výsledkov. Konkrétne kroky, ktoré boli podniknuté - študentský prieskum a analýza vzdelávacej inštitúcie študentmi. Výsledky, ktoré v marketingových aktivitách analyzovanej vzdelávacej inštitúcie pôsobia ako kľúčové oblasti zamerania...

Full description

Saved in:
Bibliographic Details
Main Author: Dudáš-Pajerská, Erika, 1988-
Other Authors: Lieskovská, Vanda, 1961-, Petrovčiková, Katarína, 1977-
Format: Book Chapter
Language:English
Subjects:
Tags: Add Tag
No Tags, Be the first to tag this record!

MARC

LEADER 00000naa$a2200000$$$4500
001 0271094
005 20240502083820.3
041 0 |a eng 
044 |a CZ 
245 1 0 |a Marketing and Its Impacts on the Activities of Selected Higher Education Institution in Slovakia  |c Erika Dudáš-Pajerská, Vanda Lieskovská, Katarína Petrovčiková 
520 |a Ekonomická univerzita a prehľad aktivít vykonaných s prezentáciou výsledkov. Konkrétne kroky, ktoré boli podniknuté - študentský prieskum a analýza vzdelávacej inštitúcie študentmi. Výsledky, ktoré v marketingových aktivitách analyzovanej vzdelávacej inštitúcie pôsobia ako kľúčové oblasti zamerania vzdelávacej inštitúcie. Aktivity na dosiahnutie vízie lepších služieb a vyšších štandardov pre súčasných aj potenciálnych študentov. 
610 2 0 |a školy vysoké 
610 2 0 |a marketing 
610 2 0 |a študenti 
610 2 0 |a hodnotenie pracoviska 
610 2 0 |a vzdelávanie 
100 1 |a Dudáš-Pajerská, Erika, 1988- 
700 1 |a Lieskovská, Vanda, 1961- 
700 1 |a Petrovčiková, Katarína, 1977-